[Event "AUT-chT 2223"]
[Site "Austria"]
[Date "2023.03.23"]
[Round "5.5"]
[White "Breder, Dennis"]
[Black "Moussard, Jules"]
[Result "0-1"]
[WhiteElo "2424"]
[BlackElo "2676"]
[PlyCount "120"]
[EventDate "2022.11.03"]
[EventType "team-tourn"]
[EventRounds "11"]
[EventCountry "AUT"]
[SourceTitle "CBM 213 Extra"]
[Source "ChessBase"]
[SourceDate "2023.05.31"]
[SourceVersion "1"]
[SourceVersionDate "2023.05.31"]
[SourceQuality "1"]
[WhiteTeam "Hohenems"]
[BlackTeam "Linz"]
[WhiteTeamCountry "AUT"]
[BlackTeamCountry "AUT"]

1. e4 g6 2. d4 Bg7 3. Nf3 d6 4. Be2 Nf6 5. Nc3 a6 6. 0-0 0-0 7. Re1 Nc6 8. d5 Nb8 9. a4 e5 10. dxe6 Bxe6 11. Be3 Nc6 12. Nd4 Bd7 13. Nxc6 Bxc6 14. Bd4 Re8 15. f3 a5 16. Bb5 Nh5 17. Bxg7 Nxg7 18. Nd5 Bxb5 19. axb5 c6 20. bxc6 bxc6 21. Nf4 Qf6 22. Nd3 Ne6 23. c3 d5 24. exd5 cxd5 25. Qd2 d4 26. c4 Rec8 27. Rxa5 Rxa5 28. Qxa5 Rxc4 29. Qd2 Rc8 30. Rc1 Rb8 31. Ra1 h5 32. Ra5 Qd8 33. b4 Qb6 34. Qa2 Qc6 35. Ra6 Qb5 36. Ra8 Rf8 37. Rxf8+ Nxf8 38. Qe2 Ne6 39. Qe4 Qc4 40. h4 Ng7 41. Kh2 Nf5 42. Kh3 Kh7 43. g4 Nd6 44. Qe2 Qd5 45. Kh2 hxg4 46. fxg4 Nc4 47. Kg3 Nd6 48. Qf3 Qb5 49. h5 gxh5 50. gxh5 Qg5+ 51. Kf2 f5 52. Nf4 Ne4+ 53. Ke2 Qg8 54. Qa3 Qg4+ 55. Qf3 Qg8 56. Qa3 Qc4+ 57. Nd3 Nc3+ 58. Kf2 Qxd3 59. Qa7+ Kh6 60. Qf7 Ne4+ 0-1

[Event "AUT-chT 2223"]
[Site "Austria"]
[Date "2022.11.04"]
[Round "2.5"]
[White "Breder, Dennis"]
[Black "Deuer, Marius"]
[Result "1-0"]
[WhiteElo "2424"]
[BlackElo "2338"]
[PlyCount "173"]
[EventDate "2022.11.03"]
[EventType "team-tourn"]
[EventRounds "11"]
[EventCountry "AUT"]
[SourceTitle "EXT 2024"]
[Source "ChessBase"]
[SourceDate "2023.10.10"]
[SourceVersion "1"]
[SourceVersionDate "2023.10.10"]
[SourceQuality "1"]
[WhiteTeam "Hohenems"]
[BlackTeam "Goetzis"]
[WhiteTeamCountry "AUT"]
[BlackTeamCountry "AUT"]

1. e4 c6 2. d4 d5 3. exd5 cxd5 4. Bd3 Nc6 5. c3 Qc7 6. Na3 a6 7. Nc2 Nf6 8. h3 g6 9. Ne2 Bf5 10. Bxf5 gxf5 11. Bf4 Qd7 12. Ne3 e6 13. Ng3 Bg7 14. Nh5 Nxh5 15. Qxh5 Ne7 16. g4 Ng6 17. Bh2 f4 18. Ng2 e5 19. dxe5 Bxe5 20. 0-0 0-0-0 21. Rad1 Qc7 22. Ne1 f6 23. Nf3 Rhe8 24. Rfe1 Kb8 25. Qf5 Qg7 26. Kf1 Qh6 27. g5 Qh5 28. Qg4 Qxg4 29. hxg4 fxg5 30. Nxg5 Re7 31. Rd3 h6 32. Nh3 Kc7 33. Bxf4 Bxf4 34. Rxe7+ Nxe7 35. Nxf4 Rg8 36. f3 Kc6 37. Kf2 Rf8 38. Kg3 Rg8 39. Rd1 Nf5+ 40. Kf2 Ne7 41. Rh1 Rh8 42. Rh5 d4 43. cxd4 Kd7 44. g5 Rf8 45. gxh6 Rxf4 46. h7 Ng6 47. Rg5 Rh4 48. Rxg6 Rxh7 49. b3 Rh1 50. a4 Rb1 51. Rb6 Kc7 52. a5 Ra1 53. b4 Rd1 54. Ke3 Re1+ 55. Kd3 Rd1+ 56. Ke4 Re1+ 57. Kd5 Rf1 58. Ke4 Re1+ 59. Kd5 Rf1 60. Rf6 Rb1 61. Rf7+ Kb8 62. Kc5 Rc1+ 63. Kd6 Rc4 64. d5 Rxb4 65. Ke6 Rb1 66. Rf8+ Ka7 67. Rf5 b5 68. axb6+ Kxb6 69. Rf8 Kb7 70. d6 Re1+ 71. Kd7 a5 72. Re8 Rh1 73. f4 a4 74. f5 Rf1 75. Re5 Kb6 76. Ke6 a3 77. Re2 Kb5 78. d7 Rd1 79. f6 Kc6 80. Rc2+ Kb7 81. f7 Re1+ 82. Kf6 Rf1+ 83. Ke7 Re1+ 84. Kd8 Rf1 85. Ra2 Rf3 86. Rxa3 Rxa3 87. f8Q 1-0

[Event "EU-Cup 37th"]
[Site "Mayrhofen"]
[Date "2022.10.08"]
[Round "6.3"]
[White "Iskandarov, Misratdin"]
[Black "Breder, Dennis"]
[Result "1-0"]
[WhiteElo "2601"]
[BlackElo "2450"]
[PlyCount "81"]
[EventDate "2022.10.03"]
[EventType "team-swiss"]
[EventRounds "7"]
[EventCountry "AUT"]
[SourceTitle "CBM 210 Extra"]
[Source "ChessBase"]
[SourceDate "2022.11.30"]
[SourceVersion "1"]
[SourceVersionDate "2022.11.30"]
[SourceQuality "1"]
[WhiteTeam "Vugar Gashimov"]
[BlackTeam "Riehen SG"]
[WhiteTeamCountry "AZE"]
[BlackTeamCountry "SUI"]

1. e4 c5 2. Nf3 d6 3. d4 cxd4 4. Nxd4 Nf6 5. Nc3 Nc6 6. Bg5 e6 7. Bb5 Bd7 8. Qd3 h6 9. Bh4 g5 10. Bxc6 bxc6 11. Bg3 Rg8 12. 0-0-0 Nh5 13. Nb3 Nxg3 14. hxg3 Qc7 15. Qe3 Qb6 16. Qe2 g4 17. Nd2 Qc5 18. Nc4 0-0-0 19. e5 d5 20. Nd6+ Bxd6 21. exd6 Rg6 22. Rd3 Qa5 23. Qe3 c5 24. Ne2 d4 25. Qe4 Qb6 26. Nxd4 cxd4 27. Rb3 Bc6 28. Qf4 Qa5 29. d7+ Kxd7 30. Qxf7+ Kd6 31. Qxg6 Qg5+ 32. Qxg5 hxg5 33. Rd1 e5 34. Ra3 Bxg2 35. Rxa7 Bf3 36. Ra6+ Kd5 37. Re1 e4 38. Ra5+ Kc6 39. Rxg5 Rh8 40. Re5 Rh1 41. Rxh1 1-0

[Event "BL2-Sued 2122"]
[Site "Germany"]
[Date "2022.07.02"]
[Round "9.3"]
[White "Kantans, Toms"]
[Black "Breder, Dennis"]
[Result "1-0"]
[WhiteElo "2484"]
[BlackElo "2468"]
[PlyCount "111"]
[EventDate "2022.03.05"]
[EventType "team-tourn"]
[EventRounds "10"]
[EventCountry "GER"]
[SourceTitle "EXT 2023"]
[Source "ChessBase"]
[SourceDate "2022.10.05"]
[SourceVersion "1"]
[SourceVersionDate "2022.10.05"]
[SourceQuality "1"]
[WhiteTeam "Speyer Schwegenheim"]
[BlackTeam "Baden-Baden II"]
[WhiteTeamCountry "GER"]
[BlackTeamCountry "GER"]

1. e4 c5 2. Nf3 Nc6 3. Bb5 g6 4. c3 Nf6 5. Qa4 Bg7 6. 0-0 0-0 7. Re1 a6 8. d4 Na5 9. Bd3 d6 10. Nbd2 Nd7 11. b4 Nc6 12. b5 Nb6 13. Qc2 axb5 14. dxc5 Na4 15. Bxb5 Nxc5 16. a4 Qa5 17. Bb2 Bd7 18. Nc4 Qc7 19. Ne3 e6 20. Red1 Rfd8 21. Ba3 Ne7 22. Nd4 Rxa4 23. Bxd7 Qxd7 24. Bb2 Rda8 25. Rab1 e5 26. Nb3 b6 27. c4 Qc6 28. Nxc5 bxc5 29. Qd3 R4a6 30. Bc3 h5 31. g3 Ra3 32. Nc2 Ra2 33. Rb3 f5 34. Ne3 fxe4 35. Qxd6 Qxd6 36. Rxd6 R2a3 37. Rb7 Nf5 38. Rxg6 Kh7 39. Rg5 Nxe3 40. fxe3 Rxc3 41. Rbxg7+ Kh8 42. Rf7 h4 43. Rxe5 Rxe3 44. Kg2 Re2+ 45. Kh3 hxg3 46. hxg3 e3 47. Rf4 Re1 48. Rfe4 Ra4 49. Rg4 Rh1+ 50. Kg2 Rh6 51. Re8+ Kh7 52. Re7+ Kh8 53. Re5 Ra2+ 54. Kf3 Rf6+ 55. Kxe3 Ra3+ 56. Ke4 1-0

[Event "BL2-Sued 2122"]
[Site "Germany"]
[Date "2022.06.18"]
[Round "7.2"]
[White "Ivanisevic, Ivan"]
[Black "Breder, Dennis"]
[Result "1-0"]
[WhiteElo "2557"]
[BlackElo "2468"]
[PlyCount "61"]
[EventDate "2022.03.05"]
[EventType "team-tourn"]
[EventRounds "10"]
[EventCountry "GER"]
[SourceTitle "EXT 2023"]
[Source "ChessBase"]
[SourceDate "2022.10.05"]
[SourceVersion "1"]
[SourceVersionDate "2022.10.05"]
[SourceQuality "1"]
[WhiteTeam "Schoenaich"]
[BlackTeam "Baden-Baden II"]
[WhiteTeamCountry "GER"]
[BlackTeamCountry "GER"]

1. d4 d5 2. c4 e6 3. Nf3 c6 4. Nc3 dxc4 5. a4 Bb4 6. e4 b5 7. Be2 Bb7 8. 0-0 a6 9. e5 Ne7 10. Ne4 0-0 11. Qc2 c5 12. dxc5 Nd7 13. Neg5 g6 14. b3 c3 15. Ne4 Qc7 16. Rd1 Nd5 17. Bh6 Rfb8 18. axb5 axb5 19. Bxb5 Nxc5 20. Nd6 Bc6 21. Bxc6 Qxc6 22. Nd4 Qd7 23. g3 Qc7 24. Qe2 Nb7 25. Ne4 Be7 26. Qc4 Qxc4 27. bxc4 Nb6 28. Nc6 Re8 29. Rxa8 Nxa8 30. Rd7 c2 31. Nxe7+ 1-0

[Event "EU-Cup 36th"]
[Site "Struga"]
[Date "2021.09.22"]
[Round "5.3"]
[White "Breder, Dennis"]
[Black "Kanyamarala, Tarun"]
[Result "1/2-1/2"]
[WhiteElo "2463"]
[BlackElo "2275"]
[PlyCount "160"]
[EventDate "2021.09.18"]
[EventType "team-swiss"]
[EventRounds "7"]
[EventCountry "MKD"]
[SourceTitle "CBM 204 Extra"]
[Source "ChessBase"]
[SourceDate "2021.11.30"]
[SourceVersion "1"]
[SourceVersionDate "2021.11.30"]
[SourceQuality "1"]
[WhiteTeam "Riehen SG"]
[BlackTeam "Gonzaga"]
[WhiteTeamCountry "SUI"]
[BlackTeamCountry "IRL"]

1. e4 c5 2. Nf3 Nc6 3. Bb5 g6 4. 0-0 Bg7 5. d3 e5 6. Bxc6 bxc6 7. c3 Ne7 8. Be3 d6 9. d4 cxd4 10. cxd4 Bg4 11. dxe5 Bxe5 12. Nc3 f5 13. Bd4 Bxf3 14. gxf3 Bxd4 15. Qxd4 0-0 16. Rad1 fxe4 17. fxe4 d5 18. exd5 Nxd5 19. Nxd5 Qg5+ 20. Kh1 cxd5 21. Qxd5+ Qxd5+ 22. Rxd5 Rab8 23. Rd2 Rb5 24. Rc1 Rf7 25. Rc3 Kg7 26. Rcd3 Rbf5 27. Kg2 Kh6 28. b3 Rg5+ 29. Kf1 Rgf5 30. h3 Rf4 31. Kg2 R4f5 32. Rd5 Rf4 33. Ra5 Kg7 34. a3 Kh6 35. b4 Kg7 36. Rc2 Kh6 37. Rac5 Rf3 38. R5c3 R3f5 39. a4 Rg5+ 40. Rg3 Rgf5 41. Rg4 Kg7 42. Rgc4 Kh6 43. b5 Rg5+ 44. Kf1 Rgf5 45. Rc8 Rf4 46. R8c4 R4f5 47. Rb2 Rh5 48. Kg2 Rg5+ 49. Rg4 Rgf5 50. Rh4+ Kg5 51. Rc4 Kh6 52. a5 Rb7 53. a6 Rbxb5 54. Rxb5 Rxb5 55. Rc7 Ra5 56. Rxa7 g5 57. Kf3 Ra4 58. Ke3 Kg6 59. Kd3 Kf5 60. Kc3 Ke4 61. Kb3 Ra1 62. Kb4 h5 63. Kb5 Rb1+ 64. Kc6 Rc1+ 65. Kb6 Rb1+ 66. Kc7 Kf3 67. Ra8 Ra1 68. Kb7 Rb1+ 69. Kc6 Rc1+ 70. Kd5 Ra1 71. a7 Kg2 72. f4 Ra5+ 73. Ke4 Ra4+ 74. Kd3 Ra3+ 75. Kc2 g4 76. hxg4 h4 77. Rh8 Rxa7 78. Rxh4 Kg3 79. Rh6 Kxf4 80. g5 Kxg5 1/2-1/2

[Event "EU-Cup 36th"]
[Site "Struga"]
[Date "2021.09.20"]
[Round "3.3"]
[White "Perunovic, Milos"]
[Black "Breder, Dennis"]
[Result "1-0"]
[WhiteElo "2566"]
[BlackElo "2463"]
[PlyCount "115"]
[EventDate "2021.09.18"]
[EventType "team-swiss"]
[EventRounds "7"]
[EventCountry "MKD"]
[SourceTitle "CBM 204 Extra"]
[Source "ChessBase"]
[SourceDate "2021.11.30"]
[SourceVersion "1"]
[SourceVersionDate "2021.11.30"]
[SourceQuality "1"]
[WhiteTeam "Sloven Ruma"]
[BlackTeam "Riehen SG"]
[WhiteTeamCountry "SRB"]
[BlackTeamCountry "SUI"]

1. e4 c5 2. Nf3 Nc6 3. d4 cxd4 4. Nxd4 Nf6 5. Nc3 d6 6. Bg5 e6 7. Bb5 Bd7 8. Qd3 h6 9. Bh4 g5 10. Bxc6 bxc6 11. Bg3 Nh5 12. 0-0-0 Rg8 13. Nb3 e5 14. Nd2 Qc7 15. Nc4 Rg6 16. Rd2 Rd8 17. Rhd1 Be7 18. Ne3 g4 19. Qc4 Qb6 20. Kb1 Be6 21. Qa4 Rb8 22. b3 Qc5 23. Ncd5 Bd8 24. Nc4 Kf8 25. Nxe5 dxe5 26. Bxe5 cxd5 27. Bxb8 Nf6 28. Bxa7 Qa5 29. exd5 Qxa4 30. bxa4 Bf5 31. Rd4 Ne4 32. Re1 Bb6 33. Bxb6 Rxb6+ 34. Kc1 Nd6 35. Re3 Rb8 36. Rc3 Bd7 37. a3 Ra8 38. Rb4 Ke7 39. Rc5 f5 40. f3 h5 41. a5 h4 42. h3 Ne8 43. Rb6 Nf6 44. hxg4 fxg4 45. fxg4 Ne4 46. Rc7 Rxa5 47. Re6+ Kd8 48. Rxd7+ Kxd7 49. Rxe4 Rxd5 50. c3 Kc6 51. Rc4+ Kb5 52. Rd4 Re5 53. Kd2 Kc5 54. a4 Re6 55. g5 Rg6 56. Rg4 Kd5 57. Rxh4 Rxg5 58. Rd4+ 1-0

[Event "SUI-chT"]
[Site "Switzerland"]
[Date "2019.09.08"]
[Round "7.5"]
[White "Breder, Dennis"]
[Black "Riff, Jean Noel"]
[Result "0-1"]
[WhiteElo "2464"]
[BlackElo "2493"]
[PlyCount "74"]
[EventDate "2019.03.10"]
[EventType "team-tourn"]
[EventRounds "9"]
[EventCountry "SUI"]
[SourceTitle "EXT 2020"]
[Source "ChessBase"]
[SourceDate "2019.10.17"]
[SourceVersion "1"]
[SourceVersionDate "2019.10.17"]
[SourceQuality "1"]
[WhiteTeam "Riehen"]
[BlackTeam "Geneve"]
[WhiteTeamCountry "SUI"]
[BlackTeamCountry "SUI"]

1. e4 e5 2. Nf3 Nc6 3. Nc3 Nf6 4. Bb5 Bd6 5. d3 h6 6. a3 0-0 7. g4 Nd4 8. g5 hxg5 9. Bxg5 Nxb5 10. Nxb5 Be7 11. Nc3 d6 12. Rg1 c6 13. Qd2 Ne8 14. 0-0-0 Bxg5 15. Rxg5 f6 16. Rg3 Kf7 17. d4 Qa5 18. Qe2 Rh8 19. h4 Be6 20. d5 cxd5 21. exd5 Bd7 22. Qe4 Rc8 23. h5 Ke7 24. Rdg1 Kd8 25. Rxg7 Nxg7 26. Rxg7 Rxc3 27. bxc3 Qxc3 28. h6 Rxh6 29. Rxd7+ Kxd7 30. Qg4+ Kc7 31. Qg7+ Kb6 32. Qxh6 Qxa3+ 33. Kb1 Qxf3 34. Qd2 a5 35. Ka2 Qe4 36. c3 Kc5 37. Ka3 Qxd5 0-1